Energetický audit a certifikácia verejných budov

Enregistré dans:
Détails bibliographiques
Auteur principal: Chalányová, Zuzana (Auteur)
Autres auteurs: Petráš, Dušan (Directeur de thèse)
Format: Manuscrit Livre
Langue:slovaque
Publié: 2018
Sujets:
Accès en ligne:http://is.stuba.sk/zp/portal_zp.pl?podrobnosti=137677
https://opac.crzp.sk/?fn=detailBiblioForm&sid=EEE57057A47611A7EA77C54E9AC3
Tags: Ajouter un tag
Pas de tags, Soyez le premier à ajouter un tag!

MARC

LEADER 00000ntm a22000003a 4500
001 stuzp68726
003 SK-STU
005 20230621113921.4
007 ta
008 150427s2015----xo-----f-mn---000-0-slo-d
040 |a STU  |b slo 
041 0 |a slo 
100 1 |a Chalányová, Zuzana  |u 010290  |4 aut  |U SvF Stavebná fakulta  |T SvF Katedra technických zariadení budov  |X 56668  |U V290  |Y 31  |7 56668 
242 0 1 |a Energy audit of public buildings  |y eng 
245 1 0 |a Energetický audit a certifikácia verejných budov 
260 |c 2018 
650 4 |a energetický audit  |2 slo 
650 4 |a verejné budovy  |2 slo 
650 4 |a potreba energie  |2 slo 
650 4 |a energeticky úsporné opaternia  |2 slo 
650 4 |a energy saving measures  |2 eng 
650 4 |a energy demand  |2 eng 
650 4 |a energy audit  |2 eng 
650 4 |a public buildings  |2 eng 
700 1 |a Petráš, Dušan  |u 010290  |k Z1  |4 ths  |U SvF Stavebná fakulta  |T SvF Katedra technických zariadení budov  |X 749  |U V290  |Y 31  |7 A000000749 
856 4 |u http://is.stuba.sk/zp/portal_zp.pl?podrobnosti=137677 
856 4 |u https://opac.crzp.sk/?fn=detailBiblioForm&sid=EEE57057A47611A7EA77C54E9AC3